| 000 -ლიდერი |
| ფიქსირებული სიგრძის საკონტროლო ველი |
00897nam a22002057a 4500 |
| 003 - საკონტროლო ნომრის იდენტიფიკატორი |
| საკონტროლო ველი |
Ge_BSU |
| 005 - ბოლო ოპერაციის თარიღი და დრო |
| საკონტროლო ველი |
20221215150735.0 |
| 008 - ფიქსირებული სიგრძის მონაცემთა ელემენტები - ზოგადი ინფორმაცია |
| ფიქსირებული სიგრძის საკონტროლო ველი |
221215s1981ge xxu||||| |||| 00| 0 geo d |
| 041 ## - ენის კოდი |
| Language code of text/sound track or separate title |
geo |
| 080 ## - უნივერსალური ათობითი კლასიფიკაციის ინდექსი |
| Universal Decimal Classification number |
821.353.1-31 ჭ-46 |
| 100 ## - მთავარი ჩანაწერი - პიროვნების სახელი |
| Personal name |
ჭილაძე, ოთარ, ავტ. |
| 9 (RLIN) |
16438 |
| 245 ## - ცნობა სათაურის შესახებ |
| Title |
ყოველმან ჩემმან მპოვნელმან : |
| Remainder of title |
[რომანი] / |
| Statement of responsibility, etc |
ოთარ ჭილაძე ; რედ. ზ.მოლაშხია |
| 255 ## - კარტოგრაფიული მათემატიკური მონაცემები |
| Statement of scale |
მე-2 გამოც. |
| 264 ## - წარმოების, გამოცემის, დისტრიბუციის და სხვა ცნობები |
| გამოცემის, წარმოების, დისტრიბუციის... ადგილი |
თბილისი : |
| გამოცემის, წარმოების, დისტრიბუციის... სახელწოდება |
საბჭ. საქართველო, |
| გამოცემის, წარმოების, დისტრიბუციის... თარიღი |
1981. |
| 300 ## - ფიზიკური აღწერა |
| Extent |
479 გვ. : |
| Other physical details |
ილ. ; |
| Dimensions |
20 სმ. |
| 653 ## - INDEX TERM--UNCONTROLLED |
| Uncontrolled term |
ყოველმან ჩემმან მპოვნელმან |
| 653 ## - INDEX TERM--UNCONTROLLED |
| Uncontrolled term |
რომანი |
| 700 ## - ADDED ENTRY--PERSONAL NAME |
| Personal name |
მოლაშხია, ზ |
| Relator term |
რედაქტორი |
| 9 (RLIN) |
3877 |
| 942 ## - ADDED ENTRY ELEMENTS (KOHA) |
| Source of classification or shelving scheme |
|
| Koha item type |
წიგნი |